| 000 | 00000nam##2200000za#4500 |
| 001 | 9.530659 |
| 003 | CaOODSP |
| 005 | 20200327083028 |
| 007 | ta |
| 008 | 150406|1998||||xxc||||| f|0| 0 fre|d |
| 020 | |a0-662-63524-8 |
| 040 | |aCaOODSP|bfre |
| 041 | |aeng |
| 041 | |afre |
| 043 | |an-cn--- |
| 086 | 1 |aC21-24/21-1998 |
| 110 | 1 |aCanada.|bIndustrie Canada. |bDirection de l'analyse micro-économique. |
| 245 | 10|aProgrès technique incorporé au capital et ralentissement de la croissance de la productivité au Canada / |cpar Surenda Gera, Wulong Gu et Frank C. Lee. |
| 260 | |aOttawa - Ontario : |bIndustrie Canada. |c1998. |
| 300 | |aTexte français, 49p. : |bgraphiques, tableaux ; |c28 cm. |
| 490 | 1 |aDocuments de travail|v21 |
| 504 | |aBibliographie. |
| 546 | |aBilingue |
| 563 | |aCouverture souple |
| 590 | |a98-24|b1998-06-12 |
| 720 | 1 |aGu, Wulong |
| 720 | 1 |aLee, Frank C. |
| 720 | 1 |aGera, Surenda |
| 776 | 0#|tCapital-embodied technical change and the productivity growth slowdown in Canada / |w(CaOODSP)9.570589 |
| 776 | 0#|tProgrès technique incorporé au capital et ralentissement de la croissance de la productivité au Canada / |w(CaOODSP)9.601237 |
| 791 | |tCapital-embodied technical change and the productivity growth slowdown in Canada / |eeng|w(CaOODSP)9.530658 |
| 830 | #0|aDocuments de travail ;|v21|w(CaOODSP)9.509053 |